000 00288nam a22001337a 4500
008 181205b xxu||||| |||| 00| 0 eng d
020 _a9780395902110
041 _aeng
080 _a821
100 _a25
101 _aGJU
245 _aStudent Dictionary
_cMifflin.H
942 _2udc
_cBK
999 _c52900
_d52900